Szczegóły MARC21

Critical theory today : a user-friendly guide /

003 -Nazwa inst., której nr kontr. jest w polu 001 [,]
    • @
    • Nazwa instytucji, której n kontrolny jest w polu 001
    • NUKAT
005 -DATA I CZAS OSTATNIEJ MODYFIKACJI [,]
    • @
    • pole kontrolne
    • 20241231094716.0
020 -Międzynarod. znormalizowany nr książki - ISBN [ , ]
    • a
    • Numer ISBN
    • 9780415506748 Find
    • q
    • Dopowiedzenie
    • hbk
020 -Międzynarod. znormalizowany nr książki - ISBN [ , ]
    • a
    • Numer ISBN
    • 9780415506755 Find
    • q
    • Dopowiedzenie
    • pbk
020 -Międzynarod. znormalizowany nr książki - ISBN [ , ]
    • a
    • Numer ISBN
    • 9781315760797 Find
    • q
    • Dopowiedzenie
    • ebk
040 -Instytucja sporządzająca opis [ , ]
    • a
    • Instytucja, która sporządziła opis (NP)
    • SZCZ U/ML
    • c
    • Instytucja, która sporządziła rekord (NP)
    • SZCZ U/ML
    • d
    • Instytucja, która zmodyfikowała rekord (P)
    • SZCZ U/KP
    • d
    • Instytucja, która zmodyfikowała rekord (P)
    • KR U/66DB
044 -Kraj miejsca wydania [ , ]
    • a
    • Kraj miejsca wydania
    • Wielka Brytania po 1988
    • a
    • Kraj miejsca wydania
    • Stany Zjednoczone po 1988
942 -Rodzaj dokumentu [ , ]
    • c
    • Rodzaj dokumentu
    • Książka
100 -Hasło główne - nazwa osobowa [1, ]
    • a
    • Nazwa osobowa (NP)
    • Tyson, Lois
    • d
    • Daty biograficzne (NP)
    • (1950- ).
    • 9
    • KHW
    • 92860
245 -Strefa tytułu i oznaczenia odpowiedzialności [1,0]
    • a
    • Tytuł
    • Critical theory today : Find
    • b
    • Ciąg dalszy tytułu (NP)
    • a user-friendly guide / Find
    • c
    • Pozostałe elementy strefy tytułu i oznaczenia odpowiedzialności (NP)
    • Lois Tyson.
250 -Strefa wydania [ , ]
    • a
    • Oznaczenie wydania (NP)
    • 3rd ed.
260 -Strefa adresu wydawniczego [ , ]
    • a
    • Miejsce wydania (P)
    • Abingdon ;
    • a
    • Miejsce wydania (P)
    • New York :
    • b
    • Nazwa wydawcy (P)
    • Routledge,
    • c
    • Data wydania (P)
    • 2015.
300 -Strefa opisu fizycznego [ , ]
    • a
    • Określenie formy książki i/lub objętość (NP)
    • XV, [1], 470 s. ;
    • c
    • Format (NP)
    • 23 cm.
336 -Typ zawartości [ , ]
    • a
    • Termin opisujący typ zawartości
    • Tekst
    • b
    • Kod określający zawartość
    • txt
    • 2
    • Źródło (terminu i kodu)
    • rdacontent
337 -Typ mediów [ , ]
    • a
    • Tryb odtwarzania
    • Bez urządzenia pośredniczącego
    • b
    • Kod typu mediów
    • n
    • 2
    • Źródło (terminu i kodu)
    • rdamedia
338 -Typ/rodzaj nośnika [ , ]
    • a
    • Hasło opisujące typ nośnika
    • Wolumin
    • b
    • Kod typu nośnika
    • nc
    • 2
    • Źródło (terminu i kodu)
    • rdacarrier
504 -Uwaga dot. bibliogr. załącznikowej [ , ]
    • a
    • Uwaga dot. bibliografii załącznikowej
    • Bibliogr. przy rozdz. Indeks.
080 -Uniwersalna Klasyfikacja Dziesiętna [ , ]
    • 2
    • Identyfikator wydania tablic
    • UDC-P058
    • 9
    • UKD
    • 6625
    • a
    • Symbol klasyfikacji
    • 82.0
    • b
    • Dopowiedzenie
    • Teoria literatury. Nauka o literaturze. Poetyka.
    • 4
    • UKD2
    • 7644
    • x
    • Poddział wspólny
    • =111
    • c
    • Dopowiedzenie poddz. wspólnego
    • =Język angielski.
080 -Uniwersalna Klasyfikacja Dziesiętna [ , ]
    • 2
    • Identyfikator wydania tablic
    • UDC-P058
    • 9
    • UKD
    • 2468
    • a
    • Symbol klasyfikacji
    • 165
    • b
    • Dopowiedzenie
    • Teoria poznania. Epistemologia. Zadania i cele poznania. Prawdziwość poznania. Warunki, źródła i rodzaje poznania. Przedmiot, zakres i granice poznania. Stanowiska i kierunki w teorii poznania. Racjonalizm. Irracjonalizm. Intuicjonizm. Filozofia wiary. Tradycjonalizm. Mistycyzm. Filozofia uczucia. Empiryzm. Sensualizm. Psychologizm. Krytycyzm. Dogmatyzm. Sceptycyzm. Nihilizm. Relatywizm. Nominalizm. Pozytywizm. Agnostycyzm. Pragmatyzm. Humanizm. Strukturalizm. Subiektywizm. Realizm teoriopoznawczy. Fenomenologia.
    • 4
    • UKD2
    • 7644
    • x
    • Poddział wspólny
    • =111
    • c
    • Dopowiedzenie poddz. wspólnego
    • =Język angielski.
980 -Symbol UKD [ , ]
    • a
    • UKD
    • 82.0:165]=111
710 -Hasło dodatkowe - nazwa ciała zbiorowego [2, ]
    • a
    • Nazwa ciała zbiorowego lub nazwa geograficzna jako pierwszy element (NP)
    • Routledge.
    • 4
    • Kod relacji
    • pbl
    • 9
    • KHW
    • 54948
920 -ISBN [ , ]
    • a
    • ISBN
    • 978-0-415-50674-8 Find
    • q
    • Dopowiedzenie
    • hbk
920 -ISBN [ , ]
    • a
    • ISBN
    • 978-0-415-50675-5 Find
    • q
    • Dopowiedzenie
    • pbk
920 -ISBN [ , ]
    • a
    • ISBN
    • 978-1-315-76079-7 Find
    • q
    • Dopowiedzenie
    • ebk
Numer inwentarzowy Lokalizacja Data inwentaryzacji Sygnatura Status udost.
P.25248BM2016-02-04ANG. Teoria lit. 311